Представление документа в формате MARC21

Поле Инд. ПП Название Значение
Тип записи a
Библиографический уровень m
001 Контрольный номер RU/LIBMSTU/261046613
005 Дата корректировки 20160120150008.3
020 00 a ISBN 5-699-10055-5
c Цена, тираж 254-00
084 a Индекс другой классификации/Индекс ББК 67.404.91
090 00 a Полочн. индекс 67.404.91
x Авторский знак Г 98
100 10 a Автор Гущин В. В.
245 00 a Заглавие Российское предпринимательское право
b Продолж. заглавия учебник для юридических вузов
260 00 a Место издания Москва
b Издательство Eksmo edukation
c Дата издания 2005
b Издательство Эксмо
300 00 a Объем 735 с.
440 00 a Серия Российское юридическое образование
650 _4 a Основная рубрика Предпринимательство-Российская Федерация-Правовое регулирование-Учебные издания для высших учебных заведений
653 00 a Ключевые слова Антимонопольное регулирование
a Ключевые слова Банкротство
a Ключевые слова Вещное право
a Ключевые слова Государственное регулирование
a Ключевые слова Качество продукции
a Ключевые слова Обязательственное право
a Ключевые слова Оценочная деятельность
a Ключевые слова Предпринимательское право
a Ключевые слова Предпринимательство
a Ключевые слова Приватизация
a Ключевые слова Рекламная деятельность
700 10 a Другие авторы Дмитриев Ю. А.
952 c Вид литературы учебник
990 00 f Даты поступлений (DOS) 03.06